Statistics for Posthumous Billboard number-ones

Click here to take the quiz!

General Stats

  • This quiz has been taken 51 times
    (44 since last reset)
  • The average score is 4 of 8

Answer Stats

Artist% Correct
Otis Redding
74%
Janis Joplin
72%
The Notorious B.I.G.
67%
John Lennon
63%
Jim Croce
37%
XXXTentacion
37%
Static Major
14%
Soulja Slim
7%

Score Distribution

Percentile by Number Answered

Percent of People with Each Score

Your Score History

You have not taken this quiz since the last reset